000 00512nam a2200193Ia 4500
003 GCL
008 140319s9999 xx 000 0 eng d
040 _aGCL /
_cGCL
082 0 4 _aCH
_b625.3
_bD V
100 1 _aDORLING, KINDERSLEY
245 1 0 _aTHE VISUAL DICTIONARY OF SHIPS AND SAILING /
_cDORLING, KINDERSLEY
260 _a[S.N] :
_bDORLING KINDERSLEY ،
_c1997
300 _a64 P
650 0 4 _aCHILDREN
650 0 4 _aTECHNOLOGY
650 0 4 _aSAILING
650 0 4 _aENGINEERING SHIPS
942 _2ddc
_cBK
999 _c15087
_d15087